| 000 | 02621cim a2200685Ia 4500 | ||
|---|---|---|---|
| 001 | 746034881 | ||
| 003 | OCoLC | ||
| 005 | 20241220131259.0 | ||
| 007 | sd fungnnmmneu | ||
| 008 | 110809t20112011nyunnn d f n eng d | ||
| 020 | _a9781427213587 | ||
| 020 | _a1427213585 | ||
| 035 |
_a(OCoLC)746034881 _z(OCoLC)707969639 |
||
| 040 |
_aLPU _beng _cLPU _dTEF _dBTCTA _dIMD _dSINLB _dOCLCQ _dBDX _dRECBX _dYDXCP _dCGP _dE3V _erda |
||
| 043 | _an-us-ny | ||
| 050 | 4 |
_aPZ7.Z452 _bAll 2011ab |
|
| 082 | 0 | 4 |
_a[Fic] _223 |
| 092 | _aCDB | ||
| 100 | 1 |
_aZevin, Gabrielle. _eauthor _952601 |
|
| 245 | 1 | 0 |
_aAll these things I've done _h[sound recording] / _cGabrielle Zevin. |
| 250 | _aUnabridged. | ||
| 264 | 1 |
_aNew York : _bMacmillan Young Listeners, _c[2011] |
|
| 264 | 4 | _c℗2011. | |
| 300 |
_a8 audio discs (10 hr.) : _bdigital ; _c4 3/4 in. |
||
| 336 | _aspoken word | ||
| 337 | _aaudio | ||
| 338 | _aaudio disc | ||
| 500 | _aCompact discs. | ||
| 500 | _aDuration: 10:00:00. | ||
| 508 | _aProduced by Laura Wilson. | ||
| 511 | 0 | _aRead by Ilyana Kadushin. | |
| 520 | _aThe daughter of a mafia don falls for the son of the D.A. in a Godfather-inspired thriller set in a futuristic New York. | ||
| 521 | 8 | _aAge 12 and up. | |
| 650 | 0 |
_aMafia _vFiction. _95681850 |
|
| 650 | 0 |
_aPublic prosecutors _vFiction. _95686748 |
|
| 650 | 0 |
_aMan-woman relationships _vFiction. _95674079 |
|
| 650 | 0 |
_aCelebrities _vFiction. _95694733 |
|
| 650 | 0 |
_aHigh schools _vFiction. _95675716 |
|
| 650 | 0 |
_aSchools _vFiction. _95673727 |
|
| 650 | 0 |
_aFamilies _zNew York (State) _zNew York _vFiction. _95703285 |
|
| 650 | 0 |
_aOrganized crime _vJuvenile fiction. _95746548 |
|
| 650 | 0 |
_aCelebrities _vJuvenile fiction. _95735125 |
|
| 650 | 0 |
_aHigh schools _vJuvenile fiction. _95675712 |
|
| 650 | 0 |
_aSchools _vJuvenile fiction. |
|
| 650 | 0 |
_aFamilies _zNew York (State) _zNew York _vJuvenile fiction. _95679141 |
|
| 650 | 0 |
_aScience fiction _vJuvenile literature. _95724424 |
|
| 650 | 0 |
_aAudiobooks _vJuvenile literature. _95698961 |
|
| 651 | 0 |
_aNew York (N.Y.) _vFiction. _95673704 |
|
| 651 | 0 |
_aNew York (N.Y.) _vJuvenile fiction. _95679146 |
|
| 655 | 7 |
_aGangster fiction. _2lcgft _96408292 |
|
| 655 | 0 | _aYoung adult fiction. | |
| 655 | 7 |
_aScience fiction. _2lcgft |
|
| 655 | 7 |
_aAudiobooks. _2lcgft |
|
| 655 | 7 |
_aSound recordings. _2lcgft _95734576 |
|
| 655 | 7 |
_aLiterature. _2lcgft _95737092 |
|
| 700 | 1 |
_aKadushin, Ilyana, _enarrator. _973907 |
|
| 710 | 2 |
_aMacmillan Audio (Firm) _95694075 |
|
| 800 | 1 |
_aZevin, Gabrielle. _tBirthright (Audiobook) ; _v1. _96447803 |
|
| 942 |
_2ddc _cAUDIOBOOK |
||
| 999 |
_c79493 _d79493 |
||